000 00885nam a2200265Ia 4500
003 OSt
005 20220923211053.0
006 a|||||r|||| 00| 0
007 ta
008 220922b |||||||| |||| 00| 0 hin d
020 _a8177142186 (hbk)
_c100
024 _a275,528
037 _b215, 23/09/2013, Swaraj Prakashan
_cTextual
040 _aARTS
_cARTS
_bhin
041 _2hin
_ahin
082 _aO152,3M80x, M3;Q1
100 _aप्रेमचन्द
_9157867
245 0 _aसोजे वतन
246 _aSoje vatana
260 _aनयी दिल्ली
_b प्रकाशन संस्थान
_c2011
300 _a63पृ.
_ccm.
650 _aहिन्दी साहित्य
_9156264
942 _hO152,3M80x, M3;Q1
_cTEXL
_2CC
999 _c294810
_d294810